[Interpretácia štatistiky a dát]

Recenzia na vysokoškolskú učebnicu, ktorá je určená predovšetkým pre študentov kurzu štatistiky a prináša nilen množstvo teoretických poznakov ale aj ich aplikáciu na celom rade praktických príkladov.

Saved in:
Bibliographic Details
Main Author: Labudová, Viera, 1958-
Format: Book Chapter
Language:Slovak
Subjects:
Tags: Add Tag
No Tags, Be the first to tag this record!

MARC

LEADER 00000naa a2200000 4500
001 0230126
005 20240502073800.4
041 0 |a slo 
044 |a SK 
245 1 0 |a [Interpretácia štatistiky a dát]  |c Viera Labudová 
520 |a Recenzia na vysokoškolskú učebnicu, ktorá je určená predovšetkým pre študentov kurzu štatistiky a prináša nilen množstvo teoretických poznakov ale aj ich aplikáciu na celom rade praktických príkladov. 
610 2 0 |a recenzie 
610 2 0 |a dáta 
610 2 0 |a metódy štatistické 
610 2 0 |a štatistika 
100 1 |a Labudová, Viera, 1958-